000 00331nam a2200133 a 4500
005 20140414093836.0
008 090115s19uu xx uuu eng d
050 _aCDR 516
_bMUL 1995 c2
245 _aMultimedia Geometry.
650 _aGeometry
_xInteractive videos.
650 _aMathematics.
942 _cAVM
999 _c109009
_d109009